| 000 | 00669nam a2200193 a 4500 | ||
|---|---|---|---|
| 001 | 3190 | ||
| 003 | CDMR | ||
| 005 | 20130610131725.0 | ||
| 008 | 130130s1995||||||||||||||||||||||||||||d | ||
| 040 |
_aCDMR _bcat _cCPC LLEIDA |
||
| 100 | 1 |
_aTornafoch Yuste, Xavier _92316 |
|
| 245 | 1 | 0 |
_aPremsa comarcal i República _b: Catalunya, 1931-1936 _cXavier Tornafoch i Yuste |
| 260 |
_aGironella _bPublicacions del Centre d'Estudis de Associació Cultural El Vilatà del Berguedà _c1995 |
||
| 300 | _a75 p. | ||
| 490 | 0 |
_aL'Escambell _aSerie de Butxaca _v11 |
|
| 650 | 0 | 4 |
_93717 _aPremsa comarcal _zCatalunya |
| 650 | 0 | 4 |
_93305 _aRepublicanisme _zCatalunya _y1931-1936 |
| 942 |
_cMON _2udc |
||
| 999 |
_c3190 _d3190 |
||